| 000 | 01664nam0a2200337 i 4500 | ||
|---|---|---|---|
| 001 | RU\NLR\BIBL_A\010018928 | ||
| 005 | 20241105180556.0 | ||
| 010 |
_a9785228005778 _9100 |
||
| 021 |
_aRU _b2013-92145 _96375 |
||
| 035 | _a(NILC)RuMoRGB-006697090 | ||
| 035 | _a(NLR Aleph) 010018928 | ||
| 090 |
_a9890980 _c9890980 |
||
| 100 | _a20131227d2012 km y0rusy50 ca | ||
| 101 | 0 | _arus | |
| 102 | _aRU | ||
| 105 | _aa|||7|||001yy | ||
| 200 | 1 |
_aМеждународная федерация гимнастики как системообразующий фактор управления и развития спортивных видов гимнастики _eмонография _fА.А. Сомкин _gМ-во образования и науки Рос. Федерации, Федер. гос. бюджет. образоват. учреждение высш. проф. образования С.-Петерб. гос. ун-т сервиса и экономики, Каф. "Физ. воспитание и спорт" |
|
| 210 |
_aСанкт-Петербург _cИзд-во СПбГУСЭ _d2012 |
||
| 215 |
_a227 с. _cил. _d21 |
||
| 320 | _aБиблиогр. : 216-227 (208 назв.) | ||
| 601 | 0 | 2 |
_aМеждународная федерация гимнастики _92199197 _3RU\NLR\AUTH\6601556651 |
| 675 | _a796.41 | ||
| 686 | 1 | _aЧ516.4(0)л | |
| 700 | 1 |
_aСомкин _bА. А. _gАлексей Альбертович |
|
| 801 | 0 |
_aRU _bRuMoRKP _c20131114 _gRCR |
|
| 801 | 2 |
_aRU _bРГБ _c20131129 _grcr |
|
| 801 | 1 |
_aRU _bRuMoRKP _c20131114 _2rusmarc |
|
| 942 | _cBOOK | ||
| 980 | _aNBR | ||